| 000 | 01618nam a2200289Ia 4500 | ||
|---|---|---|---|
| 001 | B6120 | ||
| 003 | IT-RoPAU | ||
| 008 | 130308s9999 xx 000 0 und d | ||
| 040 | _aIT-RoPAU | ||
| 040 | _cIT-RoPAU | ||
| 041 | _aITALIANO | ||
| 100 | _aCammarota Domenico | ||
| 100 | _gCodice Aut. SPICS: 20164 | ||
| 245 | _aStoria del cinema dell'orrore-Vol.III (1976/1993) | ||
| 245 | _bStoria del Cinema dell'Orrore-Vol.Iii (1976/1993) | ||
| 250 | _a1a ed. | ||
| 260 | _aROMA | ||
| 260 | _bFanucci | ||
| 260 | _c1993 [1° Ed.:1993 - Ed.Ling.Originale:1993] | ||
| 300 | _a"504 p. (prefazione: no ; testo: 504 [pagine: 0-0])" | ||
| 500 | _aVolume che prende in Esame tutti I Film Horror Distribuiti in Italia Durante le Stagioni Cinematografiche Comprese Fra Il 1976 e Il 1993, per un totale di 410 Schede Filmiche, Piu' Dati e informazioni supplementari su Altre 380 Pellicole. Sono Affrontate le Tematiche del Genere Horror con Specifiche Filmografie: Mutazioni, Zombies, Demoni, Spettri, Incubi, Vampiri, Cannibalismo, Italian Horror, Hurban Violence, Trash Movie, Psyco Killer. Sono Esaminati Criticamente tutti I Piu' Grandi Autori: David Cronenberg, Stephen King, Dario Argento, Clive Barker, John Carpenter, Steve Spielberg, George Romero, Wes Craven, Francis Ford Coppola, John Landis, Ridley Scott, Peter Weir, tobe Hooper, Brian De Palma e Numerosi Altri. Oltre 70 fotografie a Colori. Bibliografia. Postfazione di Alberto Anile Critico Cinematografico Egiornalista. | ||
| 650 | _aGENERI CINEMATOGRAFICI | ||
| 650 | _eCodice materia Spics: 6810 | ||
| 942 | _cBK | ||
| 957 | _71 | ||
| 999 |
_c93384 _d93384 |
||
| 999 | _g1 | ||